| 000 | 01328nac a22003375i 4500 | ||
|---|---|---|---|
| 003 | EG-ScBUE | ||
| 005 | 20250529085623.0 | ||
| 008 | 150824s1992 e a f 001 0 eng d | ||
| 020 | _a9780071128209 | ||
| 020 | _a0071128204 | ||
| 040 |
_aEG-ScBUE _beng _erda _cEG-ScBUE _dEG-ScBUE |
||
| 082 | 0 | 4 |
_a519.5076 _bSPI _222 |
| 100 | 1 |
_aSpiegel, Murray R., _92617 _eauthor. |
|
| 245 | 1 | 0 |
_aSchaum’s outline of theory and problems of statistics / _cMurray R. Spiegel, Ph.D., former professor and chairman, Mathematics Department, Rensselaer Polytechnic Institute, Hartford Graduate Center ; adapted for si units by R. L. Constable, formerly lecturer, Department of Mathematical Sciences, University of St. Andrews. |
| 246 | 3 | 0 | _aTheory and problems of statistics |
| 246 | 3 | 0 | _aStatistics |
| 250 | _aSecond edition in si units. | ||
| 250 | _aMetric edition. | ||
| 264 | 1 |
_aLondon : _bMcGraw-Hill, _c1992. |
|
| 300 |
_aviii, 504 pages : _billustrations ; _c28 cm. |
||
| 336 |
_2rdacontent _atext _btxt |
||
| 337 |
_aunmediated _2rdamedia _bn |
||
| 338 |
_avolume _bnc _2rdacarrier |
||
| 490 | 0 | _aSchaum’s outline series | |
| 500 | _aIncludes index. | ||
| 590 | _adoha | ||
| 650 | 7 |
_aStatistics _xProblems, exercises, etc. _2BUEsh _94000 |
|
| 655 | _vReading book | ||
| 700 | 1 |
_aConstable, R. L., _eeditor. |
|
| 942 |
_2ddc _cBB |
||
| 999 |
_c8432 _d8432 |
||